01677nab a2200241 i 4500003000900000005001700009008004100026040001800067072000800085100003300093100002400126245007900150500005500229520041500284520039600699650001301095650001701108650001401125773019101139856007801330942000801408999001901416BR-BrBNA20241204110935.0241204b2010 bl.qr|pooa||| 00| 0 por | aBR-BrBNAbpor aF70 aCôrtes, Ana Luiza Andrade  aRapini, Alessandro  aNotas taxonômicas em Justicieae (Acanthaceae) no estado da Bahia, Brasil aPublicação on-line; 9 ref.; Summaries (En, Pt) a Resumo Poikilacanthus harleyi é sinonimizada em P. bahiensis e Dicliptera xipotensis é transferida para Justicia. A nova combinação J. xipotensis (Roem. & Schult.) A. Côrtes & Rapini é o nome correto para J. leucophloea; a lista de sinônimos homotípicos (nomenclaturais) dessa espécie é fornecida. Palavras-chave: Caatinga, Dicliptera, Justicia, nomenclatura, Poikilacanthus, taxonomia. a Abstract Poikilacanthus harleyi is synonymyized in P. bahiensis and Dicliptera xipotensis is transferred to Justicia. The new combination J. xipotensis (Roem. & Schult.) A. Côrtes & Rapini is the correct name for J. leucophloea; a list of homotypic (nomenclatural) synonyms of this species is provided. Key words: Caatinga, Dicliptera, Justicia, nomenclature, Poikilacanthus, taxonomy. aCAATINGA aNOMENCLATURA aTAXONOMIA0 07099346972dRio de Janeiro-RJ Jardim Botanico do Rio de Janeiro 1935o2024-7792tRodriguésia (Brazil)x0370-6583; 2175-7860 on-linegv. 61(1 suppl. 1) p. S89-S91; (2010)wBR2024003764 uhttps://www.scielo.br/j/rod/a/B7f4LXLkWs9GLHRYrGy3z6Q/?format=pdf&lang=pt cANA c329005d329005